[Event "Toronto Closed Premier"]
[Site "Toronto CAN"]
[Date "2004.03.06"]
[Round "7"]
[White "Krnan, Tomas"]
[Black "Barron, Michael"]
[Result "1-0"]
[WhiteElo "2337"]
[BlackElo "2248"]
[PlyCount "51"]
[GameId "2160767911200583"]
[EventDate "2004.01.18"]
[EventType "tourn"]
[EventRounds "11"]
[EventCountry "CAN"]

1. e4 e5 2. Nf3 Nc6 3. Bb5 a6 4. Ba4 Nf6 5. O-O Be7 6. Re1 b5 7. Bb3 O-O 8. c3 d6 9. h3 Na5 10. Bc2 c5 11. d4 Qc7 12. Nbd2 g6 13. Nf1 Nh5 14. Ne3 Be6 15. Nd5 Bxd5 16. exd5 exd4 17. cxd4 c4 18. Ng5 Nf6 19. Bd2 Rae8 20. Qf3 Kg7 21. h4 Bd8 22. h5 Nxh5 23. Rxe8 Rxe8 24. Bxa5 Qxa5 25. Qxf7+ Kh6 26. Qxh7+ 1-0

[Event "Toronto Closed Premier"]
[Site "Toronto CAN"]
[Date "2004.03.07"]
[Round "7"]
[White "Stevens, Christian"]
[Black "Noritsyn, Nikolay"]
[Result "1/2-1/2"]
[WhiteElo "2264"]
[BlackElo "2153"]
[PlyCount "62"]
[GameId "2160767911200585"]
[EventDate "2004.01.18"]
[EventType "tourn"]
[EventRounds "11"]
[EventCountry "CAN"]
[SourceTitle "EXT 2005"]
[Source "ChessBase"]
[SourceDate "2004.11.15"]
[SourceVersion "1"]
[SourceVersionDate "2004.11.15"]
[SourceQuality "1"]

1. e4 c5 2. Nf3 Nc6 3. d4 cxd4 4. Nxd4 g6 5. c4 Bg7 6. Be3 Nf6 7. Nc3 Ng4 8. Qxg4 Nxd4 9. Qd1 e5 10. Nb5 O-O 11. Qd2 Qe7 12. Rd1 d6 13. f3 f5 14. Bg5 Bf6 15. Bxf6 Rxf6 16. Nxd4 exd4 17. Qxd4 fxe4 18. fxe4 Bd7 19. Rd2 Bc6 20. Bd3 Raf8 21. Kd1 a6 22. Re1 Re6 23. Kc1 Re5 24. Rde2 Rc8 25. b3 a5 26. Rd1 a4 27. Red2 Bxe4 28. Bxe4 Rxe4 29. Qxd6 Kg7 30. Rd4 Re2 31. R1d2 Re1+ 1/2-1/2

[Event "Toronto Closed Premier"]
[Site "Toronto CAN"]
[Date "2004.03.06"]
[Round "8"]
[White "Filipovich, David"]
[Black "Stevens, Christian"]
[Result "1/2-1/2"]
[WhiteElo "2209"]
[BlackElo "2264"]
[PlyCount "30"]
[GameId "2160767911200586"]
[EventDate "2004.01.18"]
[EventType "tourn"]
[EventRounds "11"]
[EventCountry "CAN"]
[SourceTitle "EXT 2005"]
[Source "ChessBase"]
[SourceDate "2004.11.15"]
[SourceVersion "1"]
[SourceVersionDate "2004.11.15"]
[SourceQuality "1"]

1. Nf3 f5 2. g3 Nf6 3. Bg2 d6 4. d4 e6 5. c4 Be7 6. O-O O-O 7. b3 Qe8 8. Nc3 Ne4 9. Nxe4 fxe4 10. Ne1 Qg6 11. Qc2 d5 12. f3 Nc6 13. Bb2 Qh6 14. Rd1 Qe3+ 15. Kh1 Nb4 1/2-1/2

[Event "Toronto Closed Premier"]
[Site "Toronto CAN"]
[Date "2004.03.07"]
[Round "8"]
[White "Barron, Michael"]
[Black "Aronov, Yuri"]
[Result "0-1"]
[WhiteElo "2248"]
[BlackElo "2265"]
[PlyCount "64"]
[GameId "2160767911200587"]
[EventDate "2004.01.18"]
[EventType "tourn"]
[EventRounds "11"]
[EventCountry "CAN"]

1. e4 c5 2. Nf3 d6 3. d4 cxd4 4. Nxd4 Nf6 5. Nc3 e6 6. Be2 Be7 7. O-O O-O 8. f4 Nc6 9. Nxc6 bxc6 10. e5 Nd5 11. Ne4 dxe5 12. fxe5 Qc7 13. c4 Qb6+ 14. Kh1 Ne3 15. Bxe3 Qxe3 16. Bd3 c5 17. Rf3 Qd4 18. Nf6+ Bxf6 19. Bxh7+ Kh8 20. Bd3 Bg5 21. Rh3+ Bh6 22. Qf3 Rb8 23. Re1 Rxb2 24. Re4 Qf2 25. Qxf2 Rxf2 26. Kg1 Rxa2 27. g4 Bb7 28. Rf4 Kg8 29. Rf2 Ra1+ 30. Rf1 Rxf1+ 31. Kxf1 Rd8 32. Ke2 Rd4 0-1

[Event "Toronto Closed Premier"]
[Site "Toronto CAN"]
[Date "2004.03.07"]
[Round "8"]
[White "Krnan, Tomas"]
[Black "Raheb, David"]
[Result "1/2-1/2"]
[WhiteElo "2312"]
[BlackElo "2216"]
[PlyCount "102"]
[GameId "2160767911200588"]
[EventDate "2004.01.18"]
[EventType "tourn"]
[EventRounds "11"]
[EventCountry "CAN"]
[SourceTitle "EXT 2005"]
[Source "ChessBase"]
[SourceDate "2004.11.15"]
[SourceVersion "1"]
[SourceVersionDate "2004.11.15"]
[SourceQuality "1"]

1. e4 c5 2. Nc3 d6 3. f4 Nc6 4. Nf3 g6 5. Bc4 Bg7 6. O-O e6 7. d3 Nge7 8. Qe1 h6 9. Bb3 Rb8 10. Be3 b5 11. e5 dxe5 12. fxe5 Nxe5 13. Nxe5 Bxe5 14. Bxc5 Bd4+ 15. Bxd4 Qxd4+ 16. Kh1 Nf5 17. a4 a6 18. axb5 axb5 19. Ne4 O-O 20. c3 Qe3 21. Qxe3 Nxe3 22. Rfe1 Nf5 23. Ra7 Rd8 24. d4 Nd6 25. Nc5 b4 26. Rf1 bxc3 27. bxc3 Rf8 28. Ba4 Nc4 29. Bc6 Ne3 30. Re1 Rd8 31. h3 Nd5 32. Bxd5 Rxd5 33. Rf1 f5 34. Re1 Rd6 35. Kh2 g5 36. Kg3 Rb2 37. Rc7 Ba6 38. Rxe6 Rxe6 39. Nxe6 Be2 40. h4 f4+ 41. Nxf4 gxf4+ 42. Kxf4 h5 43. d5 Bg4 44. g3 Re2 45. c4 Kf8 46. c5 Ke8 47. c6 Kd8 48. Ra7 Rd2 49. Ke5 Bf3 50. Ra5 Kc7 51. Ra7+ Kd8 1/2-1/2

[Event "Toronto Closed Premier"]
[Site "Toronto CAN"]
[Date "2004.03.07"]
[Round "8"]
[White "Thavandiran, Shiyam"]
[Black "Kret, Ted"]
[Result "0-1"]
[WhiteElo "2123"]
[BlackElo "2122"]
[PlyCount "66"]
[GameId "2160767911200589"]
[EventDate "2004.01.18"]
[EventType "tourn"]
[EventRounds "11"]
[EventCountry "CAN"]
[SourceTitle "EXT 2005"]
[Source "ChessBase"]
[SourceDate "2004.11.15"]
[SourceVersion "1"]
[SourceVersionDate "2004.11.15"]
[SourceQuality "1"]

1. e4 e6 2. d4 d5 3. Nd2 Nf6 4. e5 Nfd7 5. Bd3 c5 6. c3 Nc6 7. Ne2 cxd4 8. cxd4 f6 9. exf6 Nxf6 10. Nf3 Bd6 11. O-O Qc7 12. Bg5 O-O 13. Bh4 a6 14. Nc3 Nh5 15. Bg3 Nxg3 16. hxg3 h6 17. Bb1 g5 18. a3 Qg7 19. Ne2 Bd7 20. Re1 Rf7 21. Bc2 Raf8 22. Rf1 Bb8 23. Rc1 Ba7 24. g4 Bb8 25. Ng3 Bxg3 26. fxg3 h5 27. Re1 hxg4 28. Ne5 Nxe5 29. Rxe5 Bb5 30. Bd3 Qf6 31. Rc2 Bxd3 32. Qxd3 Rh7 33. Qe2 Qh6 0-1

[Event "Toronto Closed Premier"]
[Site "Toronto CAN"]
[Date "2004.03.07"]
[Round "8"]
[White "Vaingorten, Yaaqov"]
[Black "Gurevich, Artjom"]
[Result "1/2-1/2"]
[WhiteElo "2263"]
[BlackElo "2232"]
[PlyCount "25"]
[GameId "2160767911200590"]
[EventDate "2004.01.18"]
[EventType "tourn"]
[EventRounds "11"]
[EventCountry "CAN"]
[SourceTitle "EXT 2005"]
[Source "ChessBase"]
[SourceDate "2004.11.15"]
[SourceVersion "1"]
[SourceVersionDate "2004.11.15"]
[SourceQuality "1"]

1. d4 d5 2. c4 c6 3. Nf3 Nf6 4. Nc3 dxc4 5. a4 Bf5 6. e3 e6 7. Bxc4 Bb4 8. O-O O-O 9. Qe2 Bg6 10. Ne5 Nbd7 11. Nxg6 hxg6 12. Rd1 Qa5 13. Na2 1/2-1/2

[Event "Toronto Closed Premier"]
[Site "Toronto CAN"]
[Date "2004.03.11"]
[Round "8"]
[White "Noritsyn, Nikolay"]
[Black "Rek, Slava"]
[Result "1-0"]
[WhiteElo "2205"]
[BlackElo "2312"]
[PlyCount "114"]
[GameId "2160767911200591"]
[EventDate "2004.01.18"]
[EventType "tourn"]
[EventRounds "11"]
[EventCountry "CAN"]

1. e4 d5 2. exd5 Nf6 3. d4 Nxd5 4. c4 Nf6 5. Nc3 g6 6. Nf3 Bg7 7. Be2 O-O 8. O-O Nbd7 9. Be3 c6 10. h3 b6 11. Qd2 Bb7 12. Rad1 Ne8 13. Rfe1 Nd6 14. Bd3 Re8 15. c5 Nc8 16. Bc4 e6 17. Bg5 Qc7 18. Bf4 Qd8 19. Bg5 Qc7 20. Ne4 a5 21. a3 Ba6 22. Ba2 a4 23. Nh2 h5 24. g4 Ne7 25. Nd6 bxc5 26. Nxe8 Rxe8 27. dxc5 Nxc5 28. gxh5 gxh5 29. Bh6 Bf6 30. Bf4 Qb6 31. Be5 Bxe5 32. Rxe5 Ng6 33. Rxh5 Ne4 34. Qd4 Qxd4 35. Rxd4 Nf4 36. Rxe4 Nxh5 37. Rxa4 Bd3 38. Rd4 Bf5 39. Ng4 c5 40. Rc4 Rb8 41. Nh6+ Kg7 42. Nxf5+ exf5 43. b3 Ra8 44. a4 Ra5 45. Bb1 Kf6 46. h4 Ng7 47. Bd3 Ne6 48. Be2 Ra8 49. Kf1 Rb8 50. Bd1 Ke5 51. h5 f4 52. a5 Ra8 53. Ra4 Nd4 54. a6 Ra7 55. h6 Kf6 56. b4 cxb4 57. Rxb4 Ne6 1-0

[Event "Toronto Closed Premier"]
[Site "Toronto CAN"]
[Date "2004.01.18"]
[Round "9"]
[White "Gurevich, Artjom"]
[Black "Noritsyn, Nikolay"]
[Result "0-1"]
[WhiteElo "2232"]
[BlackElo "2153"]
[PlyCount "110"]
[GameId "2160767911200592"]
[EventDate "2004.01.18"]
[EventType "tourn"]
[EventRounds "11"]
[EventCountry "CAN"]
[SourceTitle "EXT 2005"]
[Source "ChessBase"]
[SourceDate "2004.11.15"]
[SourceVersion "1"]
[SourceVersionDate "2004.11.15"]
[SourceQuality "1"]

1. d4 d5 2. Nf3 Nf6 3. c4 e6 4. Nc3 Be7 5. Bg5 h6 6. Bh4 O-O 7. e3 b6 8. Bd3 Bb7 9. O-O dxc4 10. Bxc4 Ne4 11. Bg3 Nxg3 12. hxg3 Nd7 13. Qe2 a6 14. Rfd1 Nf6 15. Ne5 Nd5 16. Rac1 Nxc3 17. Rxc3 Bd6 18. Nd3 Qe7 19. e4 Rfd8 20. e5 Bb4 21. Rb3 Ba5 22. Nf4 b5 23. a4 Bb6 24. axb5 axb5 25. Bxb5 Bxd4 26. Bd3 Bb6 27. Rc1 Ra5 28. Kh2 Qg5 29. Re1 Rd4 30. Nh3 Qd8 31. Bb1 Qd5 32. Qf3 Qxf3 33. gxf3 Bd5 34. Rd3 Rxd3 35. Bxd3 Bxf3 36. Be4 Bxe4 37. Rxe4 Rb5 38. b4 Kf8 39. Kg2 Rd5 40. g4 Rd4 41. Kf3 c6 42. Rf4 Ke7 43. Kg3 Rd3+ 44. Kg2 Rd4 45. Kg3 g5 46. Rf6 Bc7 47. Rxh6 Bxe5+ 48. Kf3 Bf6 49. Rh5 Rd5 50. Kg3 Rb5 51. f3 Kf8 52. Nf2 Kg7 53. Ne4 Be5+ 54. Kf2 Bf4 55. Ke2 Kg6 0-1

[Event "Toronto Closed Premier"]
[Site "Toronto CAN"]
[Date "2004.03.14"]
[Round "9"]
[White "Kret, Ted"]
[Black "Krnan, Tomas"]
[Result "0-1"]
[WhiteElo "2122"]
[BlackElo "2312"]
[PlyCount "62"]
[GameId "2160767911200594"]
[EventDate "2004.01.18"]
[EventType "tourn"]
[EventRounds "11"]
[EventCountry "CAN"]
[SourceTitle "EXT 2005"]
[Source "ChessBase"]
[SourceDate "2004.11.15"]
[SourceVersion "1"]
[SourceVersionDate "2004.11.15"]
[SourceQuality "1"]

1. d4 Nf6 2. c4 g6 3. Nc3 Bg7 4. e4 d6 5. Nf3 O-O 6. Be2 e5 7. O-O Nc6 8. d5 Ne7 9. b4 a5 10. Ba3 axb4 11. Bxb4 b6 12. a4 Ne8 13. Qb3 Rb8 14. Nb5 f5 15. Bd3 fxe4 16. Bxe4 Nf6 17. Bc2 Nf5 18. a5 bxa5 19. Bxa5 e4 20. Bxc7 Rxb5 21. cxb5 Qxc7 22. b6 Qb8 23. Ra7 exf3 24. Bxf5 Bxf5 25. Rfa1 Nd7 26. R1a6 Nxb6 27. Rxg7+ Kxg7 28. Rxb6 Qd8 29. Qb4 Qg5 30. Qc3+ Kg8 31. g3 Qf6 0-1

[Event "Toronto Closed Premier"]
[Site "Toronto CAN"]
[Date "2004.03.26"]
[Round "9"]
[White "Raheb, David"]
[Black "Barron, Michael"]
[Result "1-0"]
[WhiteElo "2244"]
[BlackElo "2248"]
[PlyCount "129"]
[GameId "2160767911200596"]
[EventDate "2004.01.18"]
[EventType "tourn"]
[EventRounds "11"]
[EventCountry "CAN"]

1. e4 e5 2. Nf3 Nc6 3. Bb5 a6 4. Ba4 Nf6 5. O-O Be7 6. Re1 b5 7. Bb3 O-O 8. h3 d6 9. c3 Na5 10. Bc2 c5 11. d4 Qc7 12. Nbd2 g6 13. Nf1 Nh5 14. Ne3 Be6 15. Nd5 Bxd5 16. exd5 f6 17. Bh6 Ng7 18. h4 Nb7 19. h5 Nxh5 20. Bxf8 Bxf8 21. a4 b4 22. dxc5 dxc5 23. d6 Qxd6 24. Bb3+ Kh8 25. Qd5 Qxd5 26. Bxd5 Rb8 27. cxb4 cxb4 28. Bxb7 Rxb7 29. Rac1 b3 30. Rc8 Kg7 31. Rec1 a5 32. R1c7+ Rxc7 33. Rxc7+ Kh6 34. Nd2 Nf4 35. Nxb3 Bb4 36. Rd7 e4 37. Nc1 f5 38. g3 Ne6 39. Nb3 f4 40. Rd5 e3 41. fxe3 fxe3 42. Re5 e2 43. Rxe2 Nc5 44. Nxc5 Bxc5+ 45. Kg2 Kg7 46. Re5 Bb4 47. Rb5 Bd2 48. Rb7+ Kf6 49. Rxh7 Ke5 50. Kf3 Bb4 51. Rg7 Kf6 52. Rb7 Be1 53. Rb5 Ke6 54. Ke4 Bxg3 55. Rxa5 Kf6 56. b4 Be1 57. Rb5 g5 58. Kf3 Ke6 59. a5 Kd6 60. a6 Kc6 61. Rb8 g4+ 62. Kxg4 Bf2 63. b5+ Kc7 64. Rb7+ Kc8 65. Rf7 1-0

[Event "Toronto Closed Premier"]
[Site "Toronto CAN"]
[Date "2004.03.20"]
[Round "10"]
[White "Filipovich, David"]
[Black "Gurevich, Artjom"]
[Result "1/2-1/2"]
[WhiteElo "2209"]
[BlackElo "2232"]
[PlyCount "30"]
[GameId "2160767911200597"]
[EventDate "2004.01.18"]
[EventType "tourn"]
[EventRounds "11"]
[EventCountry "CAN"]
[SourceTitle "EXT 2005"]
[Source "ChessBase"]
[SourceDate "2004.11.15"]
[SourceVersion "1"]
[SourceVersionDate "2004.11.15"]
[SourceQuality "1"]

1. Nf3 c5 2. g3 b6 3. Bg2 Bb7 4. O-O Nf6 5. c4 e6 6. Nc3 Be7 7. d4 cxd4 8. Qxd4 d6 9. Bg5 Nbd7 10. Nb5 d5 11. Bf4 O-O 12. Bc7 Qc8 13. Bd6 Qd8 14. Bc7 Qc8 15. Bd6 Qd8 1/2-1/2

[Event "Toronto Closed Premier"]
[Site "Toronto CAN"]
[Date "2004.03.20"]
[Round "10"]
[White "Krnan, Tomas"]
[Black "Stevens, Christian"]
[Result "1/2-1/2"]
[WhiteElo "2312"]
[BlackElo "2264"]
[PlyCount "84"]
[GameId "2160767911200598"]
[EventDate "2004.01.18"]
[EventType "tourn"]
[EventRounds "11"]
[EventCountry "CAN"]
[SourceTitle "EXT 2005"]
[Source "ChessBase"]
[SourceDate "2004.11.15"]
[SourceVersion "1"]
[SourceVersionDate "2004.11.15"]
[SourceQuality "1"]

1. e4 Nf6 2. e5 Nd5 3. c4 Nb6 4. d4 d6 5. exd6 exd6 6. h3 Be7 7. Nf3 Bf5 8. Nc3 c6 9. Be2 N8d7 10. O-O O-O 11. Bf4 Nf6 12. d5 cxd5 13. cxd5 Ne4 14. Be3 Nxc3 15. bxc3 Be4 16. Bd3 Bxd5 17. Bxb6 Qxb6 18. Bxh7+ Kxh7 19. Qxd5 g6 20. Rab1 Qc6 21. Qxc6 bxc6 22. Rb7 Bf6 23. c4 d5 24. cxd5 cxd5 25. Rd1 d4 26. Rd7 Rad8 27. Rxa7 Ra8 28. Rxa8 Rxa8 29. Rd2 d3 30. Rxd3 Rxa2 31. Rd7 Kg8 32. g4 Kf8 33. Kg2 Rb2 34. h4 Rb4 35. Kg3 Rb3 36. g5 Be5+ 37. Kg2 Bg7 38. Nd4 Bxd4 39. Rxd4 Ra3 40. f3 Kg7 41. Kg3 Ra5 42. Kg4 Ra1 1/2-1/2

[Event "Toronto Closed Premier"]
[Site "Toronto CAN"]
[Date "2004.03.20"]
[Round "10"]
[White "Noritsyn, Nikolay"]
[Black "Aronov, Yuri"]
[Result "0-1"]
[WhiteElo "2153"]
[BlackElo "2231"]
[PlyCount "96"]
[GameId "2160767911200599"]
[EventDate "2004.01.18"]
[EventType "tourn"]
[EventRounds "11"]
[EventCountry "CAN"]
[SourceTitle "EXT 2005"]
[Source "ChessBase"]
[SourceDate "2004.11.15"]
[SourceVersion "1"]
[SourceVersionDate "2004.11.15"]
[SourceQuality "1"]

1. e4 c5 2. Nf3 e6 3. Nc3 a6 4. d4 cxd4 5. Nxd4 Qc7 6. a3 Nc6 7. Be3 b5 8. Be2 Bb7 9. O-O Nf6 10. Nxc6 Bxc6 11. Bd3 Be7 12. f4 d6 13. Qe2 O-O 14. Rae1 Rab8 15. Bd2 Nd7 16. Be3 Bf6 17. Kh1 Rfd8 18. Qf2 Rf8 19. Nd1 a5 20. b4 e5 21. f5 d5 22. exd5 Bxd5 23. Bd2 axb4 24. Bxb4 Rfe8 25. Nc3 Bc6 26. Qg3 Qd8 27. Qh3 Qb6 28. Be4 Nc5 29. Bd5 Rbd8 30. Rd1 Na6 31. Qf3 Rc8 32. Qe4 Nxb4 33. axb4 Ba8 34. Bxa8 Rxc3 35. Bd5 Re3 36. Qg4 Qc7 37. Bb3 e4 38. Rfe1 Rxe1+ 39. Rxe1 e3 40. Qf3 Qd7 41. h3 e2 42. Bd5 h6 43. Qd3 Rd8 44. Rxe2 Qxd5 45. Re8+ Kh7 46. Rxd8 Qxd8 47. Qxb5 Qd1+ 48. Kh2 Qxc2 0-1

[Event "Toronto Closed Premier"]
[Site "Toronto CAN"]
[Date "2004.03.21"]
[Round "10"]
[White "Raheb, David"]
[Black "Kret, Ted"]
[Result "1-0"]
[WhiteElo "2216"]
[BlackElo "2122"]
[PlyCount "57"]
[GameId "2160767911200600"]
[EventDate "2004.01.18"]
[EventType "tourn"]
[EventRounds "11"]
[EventCountry "CAN"]
[SourceTitle "EXT 2005"]
[Source "ChessBase"]
[SourceDate "2004.11.15"]
[SourceVersion "1"]
[SourceVersionDate "2004.11.15"]
[SourceQuality "1"]

1. e4 e6 2. d4 d5 3. Nc3 Nf6 4. Bg5 Be7 5. e5 Nfd7 6. h4 c5 7. Bxe7 Kxe7 8. f4 Nc6 9. dxc5 Qa5 10. Qd2 a6 11. O-O-O Qxc5 12. Nf3 Nb6 13. g4 Bd7 14. f5 Rac8 15. Rh2 Na5 16. f6+ gxf6 17. Qf4 f5 18. Rhd2 Nac4 19. Bxc4 Nxc4 20. Rxd5 Qb4 21. Rxd7+ Ke8 22. Na4 Qxa4 23. Qd4 Kf8 24. gxf5 Rg8 25. f6 Rg2 26. Rd8+ Rxd8 27. Qxd8+ Qe8 28. Ng5 Rxg5 29. hxg5 1-0

[Event "Toronto Closed Premier"]
[Site "Toronto CAN"]
[Date "2004.03.21"]
[Round "10"]
[White "Thavandiran, Shiyam"]
[Black "Rek, Slava"]
[Result "1/2-1/2"]
[WhiteElo "2180"]
[BlackElo "2312"]
[PlyCount "100"]
[GameId "2160767911200601"]
[EventDate "2004.01.18"]
[EventType "tourn"]
[EventRounds "11"]
[EventCountry "CAN"]

1. e4 c5 2. Nf3 Nc6 3. d4 cxd4 4. Nxd4 g6 5. Nc3 Bg7 6. Be3 Nf6 7. Nxc6 bxc6 8. e5 Nd5 9. Nxd5 cxd5 10. Qxd5 Rb8 11. Bxa7 Rxb2 12. Bd4 Rxc2 13. Bd3 Rc6 14. O-O O-O 15. Bb5 Re6 16. a4 d6 17. a5 dxe5 18. Qxd8 Rxd8 19. Bb6 Rf8 20. Rfc1 e4 21. Ra4 Bb7 22. Rc7 Ba8 23. Bc4 Rd6 24. Rxe7 Rd1+ 25. Bf1 Rb1 26. Rc4 Bd5 27. Rc5 Be6 28. Rec7 Bh6 29. Rb5 Ra1 30. Bd4 Rd1 31. Be3 Bxe3 32. fxe3 Ra8 33. Kf2 Ra1 34. Bc4 Bxc4 35. Rxc4 R8xa5 36. Rxa5 Rxa5 37. Rxe4 Kg7 38. Rf4 g5 39. Rc4 h5 40. Rc6 f6 41. Kf3 Kg6 42. Rc8 Kf5 43. h3 h4 44. Rg8 Ra3 45. Rc8 Ra1 46. Rc5+ Kg6 47. Rc6 Rf1+ 48. Ke2 Rf5 49. Rc7 Kh6 50. Rc6 Kg6 1/2-1/2

[Event "Toronto Closed Premier"]
[Site "Toronto CAN"]
[Date "2004.03.25"]
[Round "10"]
[White "Barron, Michael"]
[Black "Vaingorten, Yaaqov"]
[Result "0-1"]
[WhiteElo "2248"]
[BlackElo "2395"]
[PlyCount "124"]
[GameId "2160767911200602"]
[EventDate "2004.01.18"]
[EventType "tourn"]
[EventRounds "11"]
[EventCountry "CAN"]

1. e4 c5 2. Nf3 e6 3. d4 cxd4 4. Nxd4 a6 5. c4 Nf6 6. Bd3 Nc6 7. Nc2 d6 8. f4 g6 9. Nc3 Bg7 10. O-O O-O 11. Kh1 b6 12. Be3 Bb7 13. Qd2 Qc7 14. b4 Rfd8 15. Rac1 Nb8 16. f5 Nbd7 17. fxe6 fxe6 18. Nd4 Re8 19. c5 dxc5 20. Nxe6 Rxe6 21. Bc4 Rae8 22. Rfd1 Nf8 23. bxc5 bxc5 24. Qd6 Qxd6 25. Rxd6 Kh8 26. Bxe6 Nxe6 27. Rb1 Ng4 28. Bd2 Nf2+ 29. Kg1 Nxe4 30. Nxe4 Bxe4 31. Re1 Bf5 32. h3 h5 33. Rxa6 Kg8 34. a4 Bd4+ 35. Kh1 Kf7 36. a5 Rb8 37. Rb6 Rxb6 38. axb6 Nd8 39. Bg5 Bf6 40. Bxf6 Kxf6 41. Kg1 c4 42. Rc1 Bd3 43. Kf2 Ke5 44. Ke3 Kd5 45. Rd1 Kc6 46. Rxd3 cxd3 47. Kxd3 Kd5 48. Ke3 Ke5 49. Kf3 g5 50. Ke3 Nb7 51. Kf3 Nc5 52. Ke3 Nb7 53. Kf3 Kf5 54. Ke3 Na5 55. Kd4 Ke6 56. Kc5 Nb7+ 57. Kc6 Nd6 58. Kc5 h4 59. Kc6 Nc4 60. b7 Na5+ 61. Kb6 Nxb7 62. Kxb7 Kf5 0-1

[Event "Toronto Closed Premier"]
[Site "Toronto CAN"]
[Date "2004.01.18"]
[Round "11"]
[White "Gurevich, Artjom"]
[Black "Thavandiran, Shiyam"]
[Result "1/2-1/2"]
[WhiteElo "2232"]
[BlackElo "2123"]
[PlyCount "74"]
[GameId "2160767911200603"]
[EventDate "2004.01.18"]
[EventType "tourn"]
[EventRounds "11"]
[EventCountry "CAN"]
[SourceTitle "EXT 2005"]
[Source "ChessBase"]
[SourceDate "2004.11.15"]
[SourceVersion "1"]
[SourceVersionDate "2004.11.15"]
[SourceQuality "1"]

1. Nf3 e6 2. d4 Nf6 3. Bg5 c5 4. c3 Qb6 5. Qc2 Nc6 6. e3 d5 7. Nbd2 Bd7 8. Bd3 Rc8 9. Qb3 Qa5 10. Qd1 Qb6 11. Rb1 Bd6 12. O-O cxd4 13. exd4 Qc7 14. Qe2 Ng4 15. h3 Nh2 16. Rfe1 Nxf3+ 17. Qxf3 O-O 18. Qh5 f5 19. Nf3 g6 20. Qh4 Rce8 21. Rbd1 e5 22. dxe5 Nxe5 23. Nxe5 Rxe5 24. Rxe5 Bxe5 25. Bc2 Be6 26. Bb3 Qf7 27. Bf4 Bf6 28. Qg3 a6 29. Be5 Rd8 30. Bxf6 Qxf6 31. Rd4 Rd7 32. Qb8+ Kg7 33. f4 Qe7 34. Qe5+ Qf6 35. Qxf6+ Kxf6 36. Kf2 Ke7 37. Bd1 Kd6 1/2-1/2

[Event "Toronto Closed Premier"]
[Site "Toronto CAN"]
[Date "2004.01.18"]
[Round "11"]
[White "Rek, Slava"]
[Black "Krnan, Tomas"]
[Result "1-0"]
[WhiteElo "2312"]
[BlackElo "2337"]
[PlyCount "73"]
[GameId "2160767911200604"]
[EventDate "2004.01.18"]
[EventType "tourn"]
[EventRounds "11"]
[EventCountry "CAN"]

1. d4 Nf6 2. Nf3 g6 3. Bf4 Bg7 4. e3 O-O 5. Be2 d6 6. h3 Nbd7 7. O-O Qe8 8. c3 e5 9. dxe5 dxe5 10. Bh2 Qe7 11. Nbd2 e4 12. Nd4 Ne5 13. Nc4 Nfd7 14. Qc2 c5 15. Nb5 Nxc4 16. Bxc4 Ne5 17. Bxe5 Bxe5 18. Bd5 Bf5 19. c4 Bb8 20. Rfd1 Qe5 21. g3 Bxh3 22. Bxb7 Bg4 23. Qxe4 Bxd1 24. Rxd1 a6 25. Bxa8 axb5 26. cxb5 Qxb2 27. Rd7 Qxb5 28. Bc6 Qb2 29. Bd5 Qf6 30. a4 Kg7 31. Kg2 Be5 32. a5 Bc3 33. Ra7 Qd6 34. Qf3 Bf6 35. Bc4 h5 36. a6 h4 37. gxh4 1-0

[Event "Toronto Closed Premier"]
[Site "Toronto CAN"]
[Date "2004.03.28"]
[Round "11"]
[White "Aronov, Yuri"]
[Black "Filipovich, David"]
[Result "1/2-1/2"]
[WhiteElo "2231"]
[BlackElo "2209"]
[PlyCount "75"]
[GameId "2160767911200605"]
[EventDate "2004.01.18"]
[EventType "tourn"]
[EventRounds "11"]
[EventCountry "CAN"]
[SourceTitle "EXT 2005"]
[Source "ChessBase"]
[SourceDate "2004.11.15"]
[SourceVersion "1"]
[SourceVersionDate "2004.11.15"]
[SourceQuality "1"]

1. e4 c6 2. d3 d5 3. Nd2 Qc7 4. Ngf3 Bg4 5. h3 Bh5 6. g4 Bg6 7. Bg2 Nf6 8. Qe2 dxe4 9. dxe4 e5 10. O-O Nbd7 11. b3 Bc5 12. Bb2 O-O 13. Nh4 a5 14. a4 Rfe8 15. Bf3 Nf8 16. Nc4 N6d7 17. Ng2 Ne6 18. h4 f6 19. c3 Ndf8 20. Qc2 Bf7 21. Kh2 Ng6 22. Kg3 Ngf4 23. Nge3 Rad8 24. Rad1 Rxd1 25. Rxd1 Rd8 26. Rd2 Rxd2 27. Qxd2 b5 28. axb5 cxb5 29. Nxa5 Qxa5 30. b4 Bxe3 31. fxe3 Qb6 32. exf4 Nxf4 33. Kh2 Bc4 34. Bc1 Be2 35. Bg2 Qf2 36. Qd8+ Kf7 37. Qd7+ Kf8 38. Qc8+ 1/2-1/2

[Event "Toronto Closed Premier"]
[Site "Toronto CAN"]
[Date "2004.03.28"]
[Round "11"]
[White "Kret, Ted"]
[Black "Barron, Michael"]
[Result "1-0"]
[WhiteElo "2223"]
[BlackElo "2248"]
[PlyCount "51"]
[GameId "2160767911200606"]
[EventDate "2004.01.18"]
[EventType "tourn"]
[EventRounds "11"]
[EventCountry "CAN"]

1. d4 f5 2. c4 Nf6 3. g3 g6 4. Bg2 Bg7 5. Nh3 d6 6. Nf4 e5 7. dxe5 dxe5 8. Qxd8+ Kxd8 9. Ne6+ Bxe6 10. Bxb7 c6 11. Bxa8 Kc7 12. Bd2 Bxc4 13. Ba5+ Kd6 14. Nc3 Ba6 15. O-O Rc8 16. b4 e4 17. Rfd1+ Ke6 18. b5 cxb5 19. Nd5 Nxd5 20. Bxd5+ Ke5 21. Rab1 b4 22. f4+ Kf6 23. Rdc1 Rxc1+ 24. Rxc1 Bf8 25. Rc7 Be7 26. Bxb4 1-0

[Event "Toronto Closed Premier"]
[Site "Toronto CAN"]
[Date "2004.03.28"]
[Round "11"]
[White "Stevens, Christian"]
[Black "Raheb, David"]
[Result "1/2-1/2"]
[WhiteElo "2264"]
[BlackElo "2216"]
[PlyCount "28"]
[GameId "2160767911200607"]
[EventDate "2004.01.18"]
[EventType "tourn"]
[EventRounds "11"]
[EventCountry "CAN"]
[SourceTitle "EXT 2005"]
[Source "ChessBase"]
[SourceDate "2004.11.15"]
[SourceVersion "1"]
[SourceVersionDate "2004.11.15"]
[SourceQuality "1"]

1. e4 c5 2. Nf3 d6 3. d4 cxd4 4. Nxd4 Nf6 5. f3 e5 6. Nb3 d5 7. Bg5 Be6 8. Bxf6 gxf6 9. exd5 Qxd5 10. Qxd5 Bxd5 11. Nc3 Bc6 12. O-O-O Nd7 13. Nb5 Bxb5 14. Bxb5 O-O-O 1/2-1/2

[Event "Toronto Closed Premier"]
[Site "Toronto CAN"]
[Date "2004.04.18"]
[Round "11"]
[White "Vaingorten, Yaaqov"]
[Black "Noritsyn, Nikolay"]
[Result "1-0"]
[WhiteElo "2263"]
[BlackElo "2153"]
[PlyCount "61"]
[GameId "2160767911200608"]
[EventDate "2004.01.18"]
[EventType "tourn"]
[EventRounds "11"]
[EventCountry "CAN"]
[SourceTitle "EXT 2005"]
[Source "ChessBase"]
[SourceDate "2004.11.15"]
[SourceVersion "1"]
[SourceVersionDate "2004.11.15"]
[SourceQuality "1"]

1. d4 d5 2. c4 e6 3. Nc3 Be7 4. Nf3 Nf6 5. Bg5 h6 6. Bh4 O-O 7. e3 b6 8. Bd3 Bb7 9. O-O dxc4 10. Bxc4 Ne4 11. Bg3 Nxg3 12. hxg3 Nd7 13. Qe2 a6 14. Rad1 Nf6 15. e4 Re8 16. Bd3 Bb4 17. e5 Nd7 18. Ne4 Nf8 19. g4 Be7 20. Qe3 Nh7 21. Bb1 Bd5 22. Nfd2 Bb4 23. Qg3 Bb7 24. Nc4 Be7 25. f4 Rf8 26. Qd3 f5 27. exf6 Nxf6 28. Nxf6+ Bxf6 29. Ne5 Rf7 30. Qg6 Rd7 31. g5 1-0